[Event "2 Этап Кубка Москвы"]
[Site "Moscow"]
[Date "2017.04.20"]
[Round "3.8"]
[White "Magomedov, Rustam"]
[Black "Vekerchuk, Maxim"]
[Result "0-1"]
[WhiteElo "1635"]
[BlackElo "2061"]
[PlyCount "134"]
[EventDate "2017.04.15"]

1. e4 c6 2. d4 d5 3. Nc3 dxe4 4. Nxe4 Nd7 5. Ng5 Ngf6 6. Bd3 e6 7. N1f3 Bd6 8.
O-O h6 9. Ne4 Nxe4 10. Bxe4 Qc7 11. Re1 Nf6 12. Bd3 b6 13. c4 O-O 14. b3 Bb7
15. Bb2 Rfe8 16. Bc2 Rad8 17. Qd3 Kf8 18. Rab1 Bb4 19. Bc3 Bxc3 20. Qxc3 c5 21.
dxc5 Qxc5 22. b4 Qh5 23. Re5 Qg4 24. h3 Qf4 25. Re3 Rc8 26. Bb3 Nd5 27. Qd4
Qxd4 28. Nxd4 Nxe3 29. fxe3 a6 30. Rf1 Kg8 31. Ba4 Red8 32. Bb3 Be4 33. Nf3 Rc7
34. Rf2 Bxf3 35. Rxf3 Rd3 36. e4 Rxf3 37. gxf3 e5 38. Kf2 Kf8 39. Ke3 Ke7 40.
f4 exf4+ 41. Kxf4 a5 42. a3 axb4 43. axb4 Ra7 44. c5 Ra3 45. Bd5 bxc5 46. bxc5
Rxh3 47. e5 Rd3 48. Bb7 Kd7 49. Kf5 Rc3 50. Bd5 Rxc5 51. Bxf7 Ke7 52. Bg6 Rc1
53. Ke4 Ke6 54. Bf5+ Kf7 55. Kf4 Rf1+ 56. Kg4 Rxf5 57. Kxf5 g5 58. Kg4 Ke6 59.
Kh5 Kxe5 60. Kg4 Ke4 61. Kh3 Kf4 62. Kh2 Kf3 63. Kh1 g4 64. Kg1 g3 65. Kf1 g2+
66. Kg1 h5 67. Kh2 Kf2 0-1

[Event "2 Этап Кубка Москвы"]
[Site "Moscow"]
[Date "2017.04.20"]
[Round "3.10"]
[White "Skvortsov, Aleksandr"]
[Black "Melnik, Alexander"]
[Result "1-0"]
[WhiteElo "2055"]
[BlackElo "1813"]
[PlyCount "117"]
[EventDate "2017.04.15"]

1. e4 c6 2. d4 d5 3. f3 dxe4 4. fxe4 e5 5. Nf3 exd4 6. Qxd4 Qxd4 7. Nxd4 Bd6 8.
Nc3 Nf6 9. Nf3 O-O 10. Bg5 Nbd7 11. O-O-O Bc7 12. a3 Ng4 13. Re1 b5 14. g3 a5
15. Bf4 Nge5 16. Nd4 b4 17. Nb1 Bd6 18. Nf5 Bc5 19. h4 Ba6 20. a4 Bxf1 21.
Rhxf1 b3 22. Nd2 bxc2 23. Kxc2 h5 24. Nb3 Bb4 25. Rd1 c5 26. Ne7+ Kh7 27. Bxe5
Nxe5 28. Rf5 g6 29. Rxe5 c4 30. Nd4 Bd6 31. Nec6 Bxe5 32. Nxe5 Rfe8 33. Nxf7
Kg7 34. Ng5 Ra6 35. Nb5 Rf6 36. Rd7+ Kg8 37. Nd6 Ref8 38. e5 Rf1 39. Nde4 R1f5
40. Nf6+ R8xf6 41. exf6 Rxf6 42. Kc3 Rf2 43. Rd2 Rf6 44. Kxc4 Rb6 45. b3 Rb4+
46. Kc3 Rg4 47. Rd3 Kg7 48. Rf3 Kg8 49. Ne6 Kh8 50. Nd4 g5 51. hxg5 Rxg5 52. b4
axb4+ 53. Kxb4 h4 54. gxh4 Rg4 55. Kc5 Rxh4 56. a5 Rh1 57. a6 Ra1 58. Kb6 Rd1
59. Nb5 1-0

[Event "2 Этап Кубка Москвы"]
[Site "Moscow"]
[Date "2017.04.20"]
[Round "3.11"]
[White "Grigoryev, Vladislav"]
[Black "Fridman, Roman A"]
[Result "0-1"]
[WhiteElo "1837"]
[BlackElo "1685"]
[PlyCount "132"]
[EventDate "2017.04.15"]

1. Nf3 Nf6 2. c4 g6 3. Nc3 Bg7 4. d4 O-O 5. Bg5 d6 6. e3 Nfd7 7. Be2 c5 8. O-O
Nc6 9. Rc1 h6 10. Bh4 g5 11. d5 Nce5 12. Nxe5 Nxe5 13. Bg3 Ng6 14. Bh5 Kh7 15.
f4 gxf4 16. Bxg6+ fxg6 17. Bxf4 g5 18. Bg3 Bf5 19. Rxf5 Rxf5 20. Qd3 Qd7 21.
Rf1 Raf8 22. Bxd6 Kg8 23. Rxf5 Rxf5 24. Bxc5 b6 25. Bd4 Bxd4 26. Qxd4 Rf6 27.
Qe5 Qc8 28. b3 Qf8 29. h3 Rf1+ 30. Kh2 Qf6 31. Qb8+ Qf8 32. Qxf8+ Kxf8 33. Kg3
Ke8 34. Kg4 Rf2 35. g3 Kf7 36. Kh5 Kg7 37. Nb5 Rh2 38. Nxa7 Rxh3+ 39. Kg4 Rh2
40. Kf3 Rxa2 41. Nc8 Kf7 42. Nxb6 Rc2 43. b4 Ke8 44. c5 Kd8 45. e4 Rb2 46. e5
Rxb4 47. d6 exd6 48. exd6 Rb1 49. Na4 Rc1 50. Nb2 Rxc5 51. Kg4 Rc6 52. Kh5 Rxd6
53. Nc4 Re6 54. Nd2 Ke7 55. Kg4 Kf6 56. Kh5 Kg7 57. Kg4 Kg6 58. Kf3 Kf5 59. g4+
Kf6 60. Nf1 Ra6 61. Kg3 Ke5 62. Nh2 Ra4 63. Nf3+ Ke4 64. Nh2 Ra3+ 65. Kg2 Ra2+
66. Kg3 Rxh2 0-1

[Event "2 Этап Кубка Москвы"]
[Site "Moscow"]
[Date "2017.04.20"]
[Round "3.13"]
[White "Solozhenkin, Sevastyan"]
[Black "Prakhov, Nikolay"]
[Result "0-1"]
[WhiteElo "1243"]
[BlackElo "1895"]
[PlyCount "72"]
[EventDate "2017.04.15"]

1. d4 Nf6 2. c4 g6 3. Nc3 d5 4. Bf4 c6 5. cxd5 Nxd5 6. Nxd5 Qxd5 7. Nf3 Bg7 8.
Qb3 Qxb3 9. axb3 Nd7 10. e4 O-O 11. Bd3 c5 12. Be3 cxd4 13. Bxd4 Bxd4 14. Nxd4
Nc5 15. Bc2 Bd7 16. h4 a5 17. Ke2 e5 18. Nf3 Bg4 19. Ke3 Bxf3 20. gxf3 Ne6 21.
Bd3 Nf4 22. Bc4 b6 23. Rag1 h5 24. Rg5 Rae8 25. Rd1 Re7 26. Rd6 Rb8 27. Rf6 b5
28. Bf1 Kg7 29. Ra6 f6 30. Rg1 Rd7 31. Rc6 Rbd8 32. Rc3 b4 33. Rc7 Rxc7 34. Be2
Rc2 35. Re1 Rxe2+ 36. Rxe2 Rd3# 0-1

[Event "2 Этап Кубка Москвы"]
[Site "Moscow"]
[Date "2017.04.20"]
[Round "3.14"]
[White "Tagirov, Kajum K"]
[Black "Kamennov, Pavel"]
[Result "1-0"]
[WhiteElo "1886"]
[BlackElo "1695"]
[PlyCount "90"]
[EventDate "2017.04.15"]

1. b4 e6 2. Bb2 Nf6 3. a3 d6 4. e3 Be7 5. Nf3 O-O 6. Be2 b6 7. O-O Bb7 8. c4
Nbd7 9. d4 c5 10. dxc5 dxc5 11. b5 Qc7 12. Nbd2 Rad8 13. Qc2 Bd6 14. h3 Rfe8
15. Bd3 Be5 16. Rad1 g6 17. Bc1 Bd6 18. Bb2 Ne5 19. Be2 Ned7 20. Ba1 e5 21. e4
Nf8 22. Rfe1 Ne6 23. Bf1 Bc8 24. Nb1 Nd4 25. Qd3 Bf8 26. Nc3 Bg7 27. Nd5 Nxd5
28. cxd5 Qe7 29. Nxd4 exd4 30. Bb2 Be5 31. g3 Qg5 32. Bc1 Qh5 33. g4 Qh4 34. f4
Bxg4 35. hxg4 Qxg4+ 36. Bg2 Bxf4 37. Bxf4 Qxf4 38. Rf1 Qg5 39. Rf2 Re5 40. Rdf1
Qe7 41. Rf4 Kg7 42. R1f2 Rc8 43. Qc4 f5 44. exf5 Qf7 45. Re4 Qf6 1-0

[Event "2 Этап Кубка Москвы"]
[Site "Moscow"]
[Date "2017.04.22"]
[Round "4.1"]
[White "Voronkov, Denis"]
[Black "Losev, Dmitry"]
[Result "0-1"]
[WhiteElo "2149"]
[BlackElo "2170"]
[PlyCount "74"]
[EventDate "2017.04.15"]

1. d4 g6 2. Nf3 Bg7 3. e3 d6 4. c4 f5 5. Nc3 Nh6 6. Qc2 O-O 7. Be2 Nf7 8. Bd2
e5 9. O-O-O Nc6 10. dxe5 dxe5 11. Nd5 a5 12. Bc3 Nd6 13. Nd2 Nd4 14. exd4 exd4
15. Nf3 dxc3 16. Nxc3 Qf6 17. Nd5 Bh6+ 18. Kb1 Qg7 19. c5 Ne4 20. Bc4 Kh8 21.
Rhe1 Be6 22. Nxc7 Qxc7 23. Bxe6 Rae8 24. Bd5 Nxc5 25. Nd4 Bg7 26. Nb5 Qb6 27.
Na3 Rxe1 28. Rxe1 Nd3 29. Re7 Nb4 30. Rxb7 Qxb7 31. Bxb7 Nxc2 32. Nxc2 Rb8 33.
Bd5 Rxb2+ 34. Kc1 Rb8 35. a4 Bh6+ 36. Ne3 Bxe3+ 37. fxe3 Rb4 0-1

[Event "2 Этап Кубка Москвы"]
[Site "Moscow"]
[Date "2017.04.22"]
[Round "4.2"]
[White "Kozlov, Vladimir N"]
[Black "Kedrov, Valery V"]
[Result "1-0"]
[WhiteElo "2253"]
[BlackElo "2150"]
[PlyCount "56"]
[EventDate "2017.04.15"]

1. e4 c5 2. Nc3 g6 3. Nf3 Bg7 4. d4 cxd4 5. Nxd4 Nc6 6. Be3 Nf6 7. Bc4 O-O 8.
Bb3 a5 9. O-O Nxd4 10. Bxd4 d6 11. a4 Bd7 12. Qd3 Bc6 13. Rfe1 Nd7 14. Bxg7
Kxg7 15. Qd4+ Kg8 16. Rad1 Qb6 17. Qd2 Kg7 18. Re3 h6 19. Rh3 Rh8 20. Nd5 Bxd5
21. Bxd5 Ne5 22. b3 Rag8 23. Qd4 f6 24. Rg3 Qb4 25. Qe3 Re8 26. Rd4 Qc3 27. h4
e6 28. Bxb7 d5 1-0

[Event "2 Этап Кубка Москвы"]
[Site "Moscow"]
[Date "2017.04.22"]
[Round "4.3"]
[White "Apryshko, Gleb"]
[Black "Mamatov, Melis"]
[Result "1/2-1/2"]
[WhiteElo "2334"]
[BlackElo "2188"]
[PlyCount "115"]
[EventDate "2017.04.15"]

1. e4 c5 2. Nf3 e6 3. g3 d6 4. Bg2 Be7 5. O-O a6 6. c3 b5 7. d4 Bb7 8. Qe2 Nd7
9. e5 dxe5 10. dxe5 Qc7 11. c4 bxc4 12. Na3 Nb6 13. Nd2 Bxg2 14. Kxg2 h5 15.
Naxc4 h4 16. Nxb6 Qxb6 17. Qf3 Rd8 18. Nc4 Qc7 19. Bd2 Qd7 20. Ba5 Qd5 21. Qxd5
Rxd5 22. Rad1 hxg3 23. hxg3 Nh6 24. Kf3 Nf5 25. Rh1 O-O 26. Ke4 Rd4+ 27. Rxd4
Nxd4 28. Bc3 Nb5 29. Na5 f5+ 30. Kd3 Rc8 31. Kc4 Nc7 32. Nc6 Nd5 33. Nxe7+ Nxe7
34. Rd1 Nd5 35. Ba5 Kf7 36. Rd3 g5 37. Rb3 g4 38. Rb7+ Ke8 39. Bb6 Ne7 40. Bc7
Nc6 41. Kxc5 Nd8 42. Ra7 Kd7 43. Kb6 Nc6 44. Rb7 Nd8 45. Bxd8+ Kxd8 46. b4 Rc2
47. a4 Rxf2 48. b5 axb5 49. a5 b4 50. a6 b3 51. Rh7 b2 52. Rh1 Rf3 53. a7 Rb3+
54. Kc5 Ra3 55. Kb6 Rb3+ 56. Kc5 Ra3 57. Kb6 Rb3+ 58. Kc5 1/2-1/2

[Event "2 Этап Кубка Москвы"]
[Site "Moscow"]
[Date "2017.04.22"]
[Round "4.4"]
[White "Vekerchuk, Maxim"]
[Black "Alperin, Volt"]
[Result "1-0"]
[WhiteElo "2061"]
[BlackElo "2182"]
[PlyCount "73"]
[EventDate "2017.04.15"]

1. Nf3 d5 2. d4 c5 3. c4 cxd4 4. cxd5 Nf6 5. Qxd4 Qxd5 6. Nc3 Qxd4 7. Nxd4 a6
8. g3 e5 9. Nc2 Nc6 10. Bg2 Be6 11. O-O Rc8 12. Bg5 Be7 13. Rfd1 O-O 14. Rac1
Rfd8 15. Ne3 Rd4 16. Nc2 Rxd1+ 17. Rxd1 Kf8 18. Kf1 Ke8 19. h3 Nd5 20. Nxd5
Bxg5 21. h4 Be7 22. Nxe7 Kxe7 23. b3 a5 24. Ne3 Nb4 25. Bxb7 Rb8 26. Bd5 Nxa2
27. Ra1 Nc3 28. Rxa5 Nxd5 29. Nxd5+ Kd6 30. Nc3 Rxb3 31. Ne4+ Kc6 32. Rc5+ Kb6
33. Rxe5 h6 34. Kg2 Rb2 35. Nc5 Kc6 36. Nxe6 Kd6 37. Nf4 1-0

[Event "2 Этап Кубка Москвы"]
[Site "Moscow"]
[Date "2017.04.22"]
[Round "4.5"]
[White "Fridman, Roman A"]
[Black "Kovtunenko, Alexandr"]
[Result "0-1"]
[WhiteElo "1685"]
[BlackElo "2097"]
[PlyCount "95"]
[EventDate "2017.04.15"]

1. e4 c5 2. Nf3 d6 3. d4 cxd4 4. Nxd4 Nf6 5. Nc3 a6 6. h3 e6 7. g4 b5 8. Bg2
Bb7 9. O-O b4 10. Nd5 exd5 11. exd5 Be7 12. Nf5 O-O 13. Re1 Re8 14. g5 Nfd7 15.
Qe2 Ne5 16. f4 Ng6 17. h4 Bc8 18. Nd4 Qb6 19. Qf2 Nxh4 20. Qxh4 Qxd4+ 21. Be3
Qxb2 22. Be4 g6 23. Rad1 Bd8 24. Bd4 Qxd4+ 25. Rxd4 Bb6 26. Kf1 Bxd4 27. Re2
Bd7 28. Kg2 Bb5 29. Re1 Bc3 30. Re3 Nd7 31. Qh3 Bd2 32. Bxg6 hxg6 33. Rxe8+
Rxe8 34. a4 Re2+ 35. Kh1 Re1+ 36. Kh2 Bxf4+ 37. Kg2 Bf1+ 38. Kf2 Bxh3 39. Kxe1
Bg4 40. Kf2 Bf5 41. Kf3 Bxg5 42. a5 Bxc2 43. Kg4 Bf6 44. Kf4 Bd4 45. Kf3 Bd3
46. Kg4 b3 47. Kg3 b2 48. Kh2 0-1

[Event "2 Этап Кубка Москвы"]
[Site "Moscow"]
[Date "2017.04.22"]
[Round "4.7"]
[White "Melikidze, Valeriy"]
[Black "Pavlov, Mark"]
[Result "1-0"]
[WhiteElo "2060"]
[BlackElo "1787"]
[PlyCount "75"]
[EventDate "2017.04.15"]

1. d4 Nf6 2. Nf3 g6 3. c4 c5 4. d5 b5 5. cxb5 a6 6. bxa6 Bg7 7. Nc3 Bxa6 8. e4
Bxf1 9. Kxf1 d6 10. g3 O-O 11. Kg2 Nbd7 12. Qc2 Qa5 13. Nd2 Rfb8 14. Rb1 Ne8
15. a3 Nc7 16. Nc4 Qa6 17. b3 Ne5 18. Nxe5 Bxe5 19. a4 e6 20. Bb2 c4 21. Ba1
cxb3 22. Rxb3 Qc4 23. Rxb8+ Rxb8 24. Rc1 exd5 25. Nxd5 Qxc2 26. Ne7+ Kf8 27.
Rxc2 Bxa1 28. Rxc7 Rb4 29. a5 Rxe4 30. a6 Ra4 31. a7 Bd4 32. Nc6 Bxa7 33. Rxa7
Rc4 34. Nd8 d5 35. Nxf7 d4 36. Ne5 Rb4 37. Rxh7 Kg8 38. Rd7 1-0

[Event "2 Этап Кубка Москвы"]
[Site "Moscow"]
[Date "2017.04.22"]
[Round "4.10"]
[White "Prokopchuk, Yury"]
[Black "Grigoryev, Vladislav"]
[Result "1-0"]
[WhiteElo "2263"]
[BlackElo "1837"]
[PlyCount "93"]
[EventDate "2017.04.15"]

1. d4 e6 2. g3 c5 3. Nf3 cxd4 4. Nxd4 d5 5. Bg2 Nf6 6. O-O Be7 7. c4 O-O 8.
cxd5 Nxd5 9. e4 Nb4 10. Nc3 N8c6 11. Nxc6 Nxc6 12. Be3 Qa5 13. a3 Bf6 14. b4
Qd8 15. Rc1 Bxc3 16. Rxc3 Qf6 17. Qc2 e5 18. Rd1 Bg4 19. f3 Be6 20. b5 Na5 21.
Qa4 b6 22. Qb4 Rac8 23. Rdc1 Qd8 24. Bf1 Qd7 25. Rd3 Qb7 26. Rxc8 Rxc8 27. Qd6
Qb8 28. f4 Nc4 29. Qxb8 Rxb8 30. f5 Bd7 31. Rxd7 Nxe3 32. Rxa7 h6 33. Be2 f6
34. Kf2 Nc2 35. Bc4+ Kh7 36. a4 h5 37. Bd5 Nb4 38. Bf7 Kh6 39. h4 Nd3+ 40. Ke3
Nc5 41. Bd5 Rd8 42. a5 bxa5 43. b6 Rb8 44. Rxa5 Nd7 45. b7 Nb6 46. Ra7 Nxd5+
47. exd5 1-0

[Event "2 Этап Кубка Москвы"]
[Site "Moscow"]
[Date "2017.04.22"]
[Round "4.11"]
[White "Yudkevich, Mikhail"]
[Black "Melnik, Alexander"]
[Result "1-0"]
[WhiteElo "2062"]
[BlackElo "1813"]
[PlyCount "45"]
[EventDate "2017.04.15"]

1. d4 Nf6 2. c4 e6 3. g3 d5 4. Nf3 b6 5. Bg2 Be7 6. O-O O-O 7. Qc2 c5 8. cxd5
exd5 9. Nc3 Bb7 10. Rd1 h6 11. dxc5 Bxc5 12. Nh4 Qc7 13. Bf4 Qc6 14. Nf5 Ne4
15. Be3 Qe6 16. Bxc5 bxc5 17. Nxd5 Bxd5 18. Rxd5 Nd7 19. Qxe4 Nf6 20. Ne7+ Kh8
21. Qxe6 fxe6 22. Rxc5 Nd7 23. Ng6+ 1-0

[Event "2 Этап Кубка Москвы"]
[Site "Moscow"]
[Date "2017.04.22"]
[Round "4.12"]
[White "Prakhov, Nikolay"]
[Black "Magomedov, Rustam"]
[Result "1-0"]
[WhiteElo "1895"]
[BlackElo "1635"]
[PlyCount "79"]
[EventDate "2017.04.15"]

1. e4 c5 2. Nc3 Nc6 3. g3 Nf6 4. Bg2 d6 5. d3 g6 6. Nf3 Bg7 7. O-O O-O 8. h3 a6
9. Be3 Be6 10. Ng5 Qd7 11. Nxe6 Qxe6 12. f4 Nd4 13. Ne2 Nh5 14. Kh2 f5 15. c3
Nxe2 16. Qxe2 Rab8 17. exf5 Qf7 18. fxg6 Qxg6 19. g4 Nf6 20. f5 Qe8 21. Bf4 Nd7
22. Bg3 Be5 23. Bxe5 Nxe5 24. d4 cxd4 25. cxd4 Nc6 26. Bd5+ Kh8 27. Qe4 Rc8 28.
Rae1 Rc7 29. Rf2 e5 30. Bxc6 bxc6 31. dxe5 d5 32. Qd4 Qd8 33. e6+ Kg8 34. f6
Qd6+ 35. Kg2 h5 36. f7+ Kh7 37. Rf6 Rb8 38. Qd3+ Kg7 39. Qg6+ Kf8 40. e7+ 1-0

[Event "2 Этап Кубка Москвы"]
[Site "Moscow"]
[Date "2017.04.22"]
[Round "4.14"]
[White "Elyshev, Lev"]
[Black "Solozhenkin, Sevastyan"]
[Result "1-0"]
[WhiteElo "1782"]
[BlackElo "1243"]
[PlyCount "47"]
[EventDate "2017.04.15"]

1. b3 d5 2. Bb2 c5 3. e3 Nc6 4. f4 e6 5. Nf3 Nf6 6. Bb5 a6 7. Bxc6+ bxc6 8. O-O
Be7 9. Ne5 Qc7 10. d3 Rb8 11. Nd2 a5 12. a4 Ba6 13. Rf3 O-O 14. Rh3 Rfd8 15. g4
g6 16. g5 Nh5 17. Rxh5 gxh5 18. Qxh5 Bf8 19. Ng4 f5 20. Nf6+ Kh8 21. Nxh7+ d4
22. Nf6+ Bh6 23. Qxh6+ Qh7 24. Qxh7# 1-0

[Event "2 Этап Кубка Москвы"]
[Site "Moscow"]
[Date "2017.04.23"]
[Round "5.1"]
[White "Losev, Dmitry"]
[Black "Mamatov, Melis"]
[Result "0-1"]
[WhiteElo "2170"]
[BlackElo "2188"]
[PlyCount "71"]
[EventDate "2017.04.15"]

1. e4 c5 2. b3 e6 3. Nf3 a6 4. Bb2 b5 5. a4 b4 6. d4 cxd4 7. Nxd4 Bb7 8. Nd2
Qc7 9. Bd3 Nf6 10. Qe2 d6 11. O-O Nbd7 12. c3 bxc3 13. Rac1 Ne5 14. Rxc3 Qb8
15. Nb5 axb5 16. Bxb5+ Ned7 17. Rfc1 Be7 18. Rg3 e5 19. Rxg7 Kf8 20. Rg3 Nc5
21. Rxc5 dxc5 22. Nc4 Bd6 23. Qe3 h6 24. f4 exf4 25. Qc3 Be7 26. Rd3 Bxe4 27.
Rd7 Ra7 28. Rxe7 Rxe7 29. Qxf6 Rh7 30. Be5 Qc8 31. Nd6 Qa8 32. Nxe4 Qxe4 33.
Bc3 Qe3+ 34. Kf1 Qc1+ 35. Kf2 Qe3+ 36. Kf1 0-1

[Event "2 Этап Кубка Москвы"]
[Site "Moscow"]
[Date "2017.04.23"]
[Round "5.2"]
[White "Voronkov, Denis"]
[Black "Kozlov, Vladimir N"]
[Result "0-1"]
[WhiteElo "2149"]
[BlackElo "2253"]
[PlyCount "62"]
[EventDate "2017.04.15"]

1. d4 Nf6 2. c4 g6 3. Nc3 d5 4. cxd5 Nxd5 5. Na4 Bg7 6. e4 Nb6 7. Be3 O-O 8.
Nf3 Bg4 9. Nc5 N8d7 10. Nxb7 Qb8 11. Na5 f5 12. Qb3+ Kh8 13. e5 Bxf3 14. gxf3
f4 15. Bd2 c5 16. e6 Nf6 17. Nc6 Qc8 18. dxc5 Nbd5 19. Nd4 Qxc5 20. Qc4 Qb6 21.
Rb1 Rac8 22. Qd3 Rfd8 23. Bc3 Nb4 24. Qb5 Rxd4 25. Qxb6 axb6 26. Bxd4 Nc2+ 27.
Kd2 Nxd4 28. Ba6 Rc2+ 29. Kd3 Nd5 30. Bb7 Nb4+ 31. Ke4 Nxe6 0-1

[Event "2 Этап Кубка Москвы"]
[Site "Moscow"]
[Date "2017.04.23"]
[Round "5.3"]
[White "Kovtunenko, Alexandr"]
[Black "Vekerchuk, Maxim"]
[Result "1/2-1/2"]
[WhiteElo "2097"]
[BlackElo "2061"]
[PlyCount "111"]
[EventDate "2017.04.15"]

1. e4 c6 2. d4 d5 3. e5 Bf5 4. Nc3 h5 5. Be3 e6 6. f4 Nd7 7. a3 a6 8. Nf3 Nh6
9. g3 Bg4 10. h3 Nf5 11. Bf2 Bxf3 12. Qxf3 c5 13. dxc5 Bxc5 14. O-O-O Bxf2 15.
Qxf2 Qb6 16. Qxb6 Nxb6 17. Rg1 Ne3 18. Re1 Nxf1 19. Rexf1 Nc4 20. Ne2 g6 21.
Rf3 Ke7 22. Nd4 Rac8 23. a4 Na5 24. b3 Nc6 25. Rd1 Nxd4 26. Rxd4 Rc6 27. Rb4 b6
28. Kd2 Rhc8 29. c3 Kd7 30. g4 hxg4 31. hxg4 Rh8 32. f5 Rh2+ 33. Kd3 gxf5 34.
gxf5 exf5 35. Rbf4 f6 36. Rxf5 fxe5 37. Rxe5 Rd6 38. Rf7+ Kc6 39. b4 Rdh6 40.
Ra7 R6h3+ 41. Re3 Rxe3+ 42. Kxe3 Rh3+ 43. Kd4 Rh4+ 44. Kd3 Rh3+ 45. Kc2 Rh2+
46. Kb3 Rh3 47. a5 bxa5 48. Rxa6+ Kb7 49. Rd6 axb4 50. Kxb4 Rh4+ 51. Kb3 Rh5
52. Kc2 Kc7 53. Rg6 Rh3 54. Ra6 Kd7 55. Kd2 Kc7 56. Rg6 1/2-1/2

[Event "2 Этап Кубка Москвы"]
[Site "Moscow"]
[Date "2017.04.23"]
[Round "5.4"]
[White "Kedrov, Valery V"]
[Black "Melikidze, Valeriy"]
[Result "1/2-1/2"]
[WhiteElo "2150"]
[BlackElo "2060"]
[PlyCount "132"]
[EventDate "2017.04.15"]

1. Nf3 g6 2. g3 Bg7 3. Bg2 d6 4. d4 Nf6 5. O-O O-O 6. c4 c5 7. dxc5 dxc5 8. Nc3
Nc6 9. Be3 Qa5 10. Qa4 Be6 11. Ng5 Qxa4 12. Nxa4 Bxc4 13. Nxc5 Bd5 14. Rac1
Bxg2 15. Kxg2 b6 16. Nce6 Rfc8 17. Nxg7 Kxg7 18. Rfd1 h6 19. Nf3 Nd8 20. Ne5
Rxc1 21. Rxc1 Ne6 22. Nc6 Nd5 23. Bd2 Nc5 24. f3 Rc8 25. Ne5 Rd8 26. e4 Nf6 27.
Be3 Nd3 28. Nxd3 Rxd3 29. Kf2 Rd7 30. Ke2 h5 31. Bf4 Ne8 32. Rc8 Nd6 33. Bxd6
exd6 34. Kd3 d5 35. e5 g5 36. Kd4 Re7 37. Rc6 Rd7 38. f4 gxf4 39. gxf4 h4 40.
f5 Rb7 41. b4 b5 42. h3 a6 43. a3 Ra7 44. Kxd5 a5 45. Kc5 axb4 46. axb4 Ra3 47.
Kxb5 Rxh3 48. Rc7 Rf3 49. f6+ Kg6 50. Rc8 Re3 51. Rg8+ Kf5 52. Rh8 Rxe5+ 53.
Kc6 Kxf6 54. Rxh4 Kg5 55. Rh8 Re6+ 56. Kd5 Re1 57. Rg8+ Kf4 58. b5 Rd1+ 59. Kc6
Rc1+ 60. Kd7 Rd1+ 61. Ke7 Rb1 62. Rb8 f5 63. Kf6 Kg4 64. Rg8+ Kf3 65. Kxf5
Rxb5+ 66. Ke6 Kf2 1/2-1/2

[Event "2 Этап Кубка Москвы"]
[Site "Moscow"]
[Date "2017.04.23"]
[Round "5.6"]
[White "Chapygin, Sergey"]
[Black "Prokopchuk, Yury"]
[Result "0-1"]
[WhiteElo "1914"]
[BlackElo "2263"]
[PlyCount "102"]
[EventDate "2017.04.15"]

1. e4 d5 2. exd5 Qxd5 3. Nc3 Qa5 4. d4 Nf6 5. Bd2 Qb6 6. Nf3 Bf5 7. Na4 Qd6 8.
c4 c6 9. a3 Nbd7 10. Be2 e6 11. O-O Qc7 12. Qc1 Be7 13. b4 O-O 14. Nc3 Rfd8 15.
c5 Ne4 16. Nxe4 Bxe4 17. Bf4 Qc8 18. Qe3 Nf6 19. Ne5 Bf5 20. Bf3 Nd5 21. Bxd5
Rxd5 22. Nc4 Qd8 23. Bd6 Bf6 24. Rad1 b5 25. Ne5 Bxe5 26. dxe5 a5 27. Rxd5 exd5
28. h3 axb4 29. axb4 Ra4 30. g4 Be4 31. f3 Bg6 32. e6 fxe6 33. Qxe6+ Bf7 34.
Qf5 h6 35. Qf4 Qh4 36. Be5 Qxh3 37. Ra1 Qh4 38. Kg2 Qe7 39. Qd4 Rxa1 40. Qxa1
Bg6 41. Kg3 h5 42. f4 hxg4 43. Qa8+ Be8 44. Qc8 Qd7 45. Qa8 Kh7 46. Qa1 Qf5 47.
Qf1 Qe4 48. Kxg4 Bd7+ 49. Kg3 Qxb4 50. Qh1+ Kg8 51. Qh4 Qe1+ 0-1

[Event "2 Этап Кубка Москвы"]
[Site "Moscow"]
[Date "2017.04.23"]
[Round "5.8"]
[White "Prakhov, Nikolay"]
[Black "Yudkevich, Mikhail"]
[Result "0-1"]
[WhiteElo "1895"]
[BlackElo "2062"]
[PlyCount "96"]
[EventDate "2017.04.15"]

1. e4 c5 2. Nc3 Nc6 3. g3 g6 4. Bg2 Bg7 5. d3 d6 6. h3 Rb8 7. Rb1 b5 8. Nge2 e6
9. b3 Nge7 10. O-O O-O 11. a4 b4 12. Na2 d5 13. exd5 Nxd5 14. Bb2 Nd4 15. Nac1
Bb7 16. c4 bxc3 17. Nxc3 Nxc3 18. Bxc3 Bxg2 19. Kxg2 Qd5+ 20. f3 Nxf3 21. Qxf3
Qxf3+ 22. Rxf3 Bxc3 23. Ne2 Bg7 24. g4 Rfd8 25. Ng3 f5 26. Re1 Rb6 27. gxf5
gxf5 28. Nh5 Bd4 29. Nf4 Kf7 30. Rg3 Rdd6 31. Rb1 Be5 32. Rf3 Bxf4 33. Rxf4
Rxd3 34. b4 Rd2+ 35. Kg3 Rd3+ 36. Kg2 cxb4 37. Rfxb4 Ra6 38. Rb7+ Kf6 39. R1b4
Ra3 40. Rh4 R3xa4 41. Rhxh7 Ra2+ 42. Kg3 R6a3+ 43. Kh4 Rh2 44. Rh6+ Ke5 45. Kg5
Raxh3 46. Rxh3 Rxh3 47. Rxa7 Re3 48. Ra6 Re4 0-1

[Event "2 Этап Кубка Москвы"]
[Site "Moscow"]
[Date "2017.04.23"]
[Round "5.9"]
[White "Elyshev, Lev"]
[Black "Skvortsov, Aleksandr"]
[Result "0-1"]
[WhiteElo "1782"]
[BlackElo "2055"]
[PlyCount "66"]
[EventDate "2017.04.15"]

1. g4 d6 2. Bg2 Nc6 3. e3 h5 4. gxh5 Nf6 5. Bf3 e5 6. Nc3 d5 7. d4 Bf5 8. Nxd5
Nxd5 9. e4 Bh7 10. exd5 Nxd4 11. Kf1 Bxc2 12. Qd2 Qf6 13. Bg4 Be4 14. f3 Nxf3
15. Qf2 Nd4 16. Nh3 Bxh1 17. Bg5 Qxf2+ 18. Kxf2 Bxd5 19. Re1 f6 20. Nf4 Bf7 21.
Bh4 Be7 22. Bg3 exf4 23. Bxf4 Bxh5 24. Bh3 Bf3 25. Kg3 Ne2+ 26. Kxf3 Nxf4 27.
Bf5 g5 28. Kg3 Kf7 29. Bc2 Rh3+ 30. Kg4 Rah8 31. Kf5 R8h4 32. a3 Nd5 33. Rxe7+
Nxe7# 0-1

[Event "2 Этап Кубка Москвы"]
[Site "Moscow"]
[Date "2017.04.23"]
[Round "5.10"]
[White "Pavlov, Mark"]
[Black "Fridman, Roman A"]
[Result "1/2-1/2"]
[WhiteElo "1787"]
[BlackElo "1685"]
[PlyCount "46"]
[EventDate "2017.04.15"]

1. d4 Nf6 2. Nf3 g6 3. Bg5 Bg7 4. c3 O-O 5. Nbd2 d6 6. e4 Nbd7 7. Be2 c5 8.
dxc5 Nxc5 9. Qc2 b6 10. O-O Bb7 11. e5 dxe5 12. Nxe5 Nfe4 13. Nef3 Nxg5 14.
Nxg5 Qc7 15. Bf3 Rad8 16. Bxb7 Qxb7 17. Rad1 Rd7 18. Nb3 Rfd8 19. h3 e6 20. Nf3
Nxb3 21. Qxb3 Rxd1 22. Qxd1 Qd5 23. Qa4 a5 1/2-1/2

[Event "2 Этап Кубка Москвы"]
[Site "Moscow"]
[Date "2017.04.23"]
[Round "5.12"]
[White "Melnik, Alexander"]
[Black "Tagirov, Kajum K"]
[Result "0-1"]
[WhiteElo "1813"]
[BlackElo "1886"]
[PlyCount "74"]
[EventDate "2017.04.15"]

1. e4 c5 2. Nf3 d6 3. d4 cxd4 4. Nxd4 Nf6 5. Nc3 g6 6. Bc4 Bg7 7. Bb3 O-O 8.
O-O Bd7 9. Bg5 Nc6 10. Nde2 Rb8 11. h3 b5 12. a3 a5 13. Ng3 h6 14. Be3 a4 15.
Bd5 Na5 16. Qd2 Nxd5 17. exd5 Nc4 18. Qe1 Nxe3 19. Qxe3 b4 20. axb4 Rxb4 21.
Ra2 e5 22. Rfa1 f5 23. Qd2 Qh4 24. Nce2 Rfb8 25. c3 Rc4 26. Qd3 Bb5 27. Qe3 Rc5
28. Nc1 f4 29. Qe4 Rc4 30. Qxg6 fxg3 31. fxg3 Qf6 32. Qxf6 Bxf6 33. Nd3 Bg5 34.
Re1 Rf8 35. h4 Bd8 36. Kh2 Bb6 37. g4 Rxg4 0-1

[Event "2 Этап Кубка Москвы"]
[Site "Moscow"]
[Date "2017.04.23"]
[Round "5.13"]
[White "Kamennov, Pavel"]
[Black "Grigoryev, Vladislav"]
[Result "1/2-1/2"]
[WhiteElo "1695"]
[BlackElo "1837"]
[PlyCount "137"]
[EventDate "2017.04.15"]

1. Nf3 Nf6 2. c4 e6 3. d4 Bb4+ 4. Bd2 Qe7 5. a3 Bxd2+ 6. Nbxd2 a5 7. e3 O-O 8.
Bd3 d6 9. Qc2 e5 10. O-O Re8 11. Bf5 Bxf5 12. Qxf5 Nbd7 13. Rfe1 Nf8 14. Qc2 a4
15. Rac1 e4 16. Ng5 h6 17. Nh3 g5 18. Nf1 Ng6 19. Qe2 Nh4 20. Ng3 Qd7 21. Nh5
Nf3+ 22. Qxf3 Nh7 23. Qf6 Nxf6 24. Nxf6+ Kg7 25. Nxd7 Re7 26. c5 Rxd7 27. Kf1
d5 28. Ng1 c6 29. Ne2 f5 30. g3 Rf7 31. Kg2 Kg6 32. Nc3 f4 33. exf4 gxf4 34.
gxf4 Rxf4 35. h3 Ra5 36. Re3 Ra8 37. Rc2 h5 38. Rg3+ Kh6 39. Nd1 Raf8 40. Ne3
Rd8 41. Rd2 Rb8 42. f3 h4 43. Rg4 Rxf3 44. Rxh4+ Kg5 45. Rg4+ Kh5 46. Rg3 Rf4
47. Rf2 Rxf2+ 48. Kxf2 b6 49. Rg2 bxc5 50. dxc5 Rxb2+ 51. Kg3 Rb3 52. Kf4 Rxa3
53. Rg7 Ra2 54. Rc7 Rf2+ 55. Ke5 a3 56. Rxc6 a2 57. Ra6 Re2 58. Nxd5 Rc2 59.
Kd6 Rd2 60. Ke5 Rc2 61. Kd4 Kh4 62. Nc3 e3 63. Rxa2 Rxa2 64. Kxe3 Ra5 65. Ne4
Kxh3 66. Kd4 Kg4 67. c6 Ra6 68. Kd5 Rxc6 69. Kxc6 1/2-1/2